000
00247nam a22000977a 4500
999
_c
16276
_d
16276
003
OSt
008
200629b ||||| |||| 00| 0 eng d
100
_a
Dr. H. J. Shah And S. B. Junnarkar
_9
4665
245
_a
Mechanics of Structures Vol. I
942
_c
BK